| Tag |
First Indicator |
Second Indicator |
Subfields |
| LEADER |
00000cam a2200000 a 4500 |
| 001 |
in00004487708 |
| 005 |
20191203081253.0 |
| 008 |
950515s1996 mouaf b 001 0 eng c |
| 010 |
|
|
|a 95000296
|
| 015 |
|
|
|a GB96-29338
|
| 019 |
|
|
|a 34597215
|
| 020 |
|
|
|a 0801680468 (alk. paper)
|
| 035 |
|
|
|a (OCoLC)32628107
|
| 035 |
|
|
|9 AAG8450MS
|
| 035 |
|
|
|z (UtOrBLW)22258
|
| 035 |
|
|
|a 35416
|
| 040 |
|
|
|a DNLM/DLC
|c DLC
|d NLM
|d UKM
|d UtOrBLW
|
| 049 |
|
|
|a TMVM
|c 1
|
| 050 |
1 |
0 |
|a RF510
|b .L37 1995
|
| 060 |
0 |
0 |
|a WV 500
|b L336 1996
|
| 069 |
0 |
|
|a 9508213
|
| 082 |
0 |
0 |
|a 616.2/2
|2 20
|
| 096 |
|
|
|a WV 500
|b L336 1996
|
| 245 |
0 |
4 |
|a The larynx :
|b a multidisciplinary approach /
|c [edited by] Marvin P. Fried.
|
| 250 |
|
|
|a Second edition.
|
| 264 |
|
1 |
|a St. Louis :
|b Mosby,
|c [1996]
|
| 264 |
|
4 |
|c ©1996
|
| 300 |
|
|
|a xxi, 661 pages 2 unnumbered pages of plates :
|b illustrations (some color) ;
|c 29 cm.
|
| 336 |
|
|
|a text
|2 rdacontent
|b txt
|
| 337 |
|
|
|a unmediated
|2 rdamedia
|
| 338 |
|
|
|a volume
|2 rdacarrier
|b nc
|
| 504 |
|
|
|a Includes bibliographical references and index.
|
| 650 |
|
2 |
|a Laryngeal Diseases.
|
| 650 |
|
2 |
|a Larynx.
|
| 700 |
1 |
|
|a Fried, Marvin P.
|
| 948 |
|
|
|a Retain per EC; 2002 evaluation; nb, 09/02/2002.
|
| 948 |
|
|
|a 3rd edition not purchased; 2/2 (no date) use on this edition, ngb 2/26/2009
|
| 999 |
|
|
|a MARS
|
| 999 |
f |
f |
|s 39faca40-a58f-3130-adf3-b8d09229ab89
|i 66c1baba-bba8-3693-919d-7ce771af022e
|t 0
|
| 952 |
f |
f |
|p ric
|a Texas A&M University
|b Rellis Campus
|c Joint Library Facility
|d Remote Storage
|t 0
|e WV 500 L336 1996
|h National Library of Medicine classification
|i unmediated -- volume
|m 3238901207877
|
| 998 |
f |
f |
|a WV 500 L336 1996
|t 0
|l Remote Storage
|